Крупные золотороссыпные месторождения Западно-Калбинского района в восточном Казахстане; Проблемы геологии и разведки месторождений полезных ископаемых

Bibliografske podrobnosti
Parent link:Проблемы геологии и разведки месторождений полезных ископаемых.— 2005.— С. 436-441
Glavni avtor: Третьяков А. В.
Jezik:ruščina
Izdano: 2005
Teme:
Format: Book Chapter
KOHA link:https://koha.lib.tpu.ru/cgi-bin/koha/opac-detail.pl?biblionumber=86910

MARC

LEADER 00000naa2a2200000 4500
001 86910
005 20231031101932.0
035 |a (RuTPU)RU\TPU\book\93313 
090 |a 86910 
100 |a 20051201d2005 k y0rusy50 ca 
101 0 |a rus 
102 |a RU 
200 1 |a Крупные золотороссыпные месторождения Западно-Калбинского района в восточном Казахстане  |f А. В. Третьяков 
320 |a Библиогр.: 9 назв. 
463 0 |0 (RuTPU)RU\TPU\book\89695  |t Проблемы геологии и разведки месторождений полезных ископаемых  |o труды Всероссийской научной конференции (с международным участием), Томск  |f Томский политехнический университет; Институт геологии и нефтегазового дела; Проблемы геологии и разведки месторождений полезных ископаемых. Всероссийская научная конференция  |v С. 436-441  |d 2005  |p 604 с. 
610 1 |a золото 
610 1 |a месторождения 
610 1 |a Западно-Калбинский район 
610 1 |a Казахстан 
610 1 |a золотодобывающая промышленность 
610 1 |a аллювиально-пролювиальные россыпи 
610 1 |a россыпи 
610 1 |a труды учёных ТПУ 
700 1 |a Третьяков  |b А. В.  |4 070 
801 1 |a RU  |b 63413507  |c 20051201  |g PSBO 
801 2 |a RU  |b 63413507  |c 20091210  |g RCR 
942 |c BK